00716nam a22001697a 4500003000900000008004100009040007100050082001800121100002100139245012900160260004800289300002800337505014900365650001000514650001100524650001100535AR-CdUCM190515b ||||| |||| 00| 0 spa d aMUNICIPALIDAD PROVINCIAL DEL CUSCOcBIBLIOTECA MUNICIPAL DEL CUSCO a575.01 /bD16 aDarwin R, Carlos aOrigen de las especies :bPor medio de la selección natural ó observación de las razas en su lucha por la existencia / aValencia :bF. sempere y compañia,c1909. a242 páginas ;c19 cm. aContenido : De la imperfección del registro geológico -- Sucesión geológica de los seres orgánicos Distribución geográfica ...  aRazas aOrigen aHumana